|
|
|
|
| LEADER |
00000nab a2200000 a 4500 |
| 001 |
vtls000620745 |
| 003 |
SK-MaSNL |
| 005 |
20260304225744.0 |
| 008 |
250425c1996 xo 0 slo |
| 015 |
|
|
|a SNBRB19rr/mm-uuuuu
|
| 035 |
|
|
|a CL0620884
|
| 035 |
|
|
|a (urnnbn)urn:nbn:sk:snk:ar-005jed
|
| 035 |
|
|
|a (uuid)dab3fa3b-5aad-4704-908b-442645fd005e
|
| 035 |
|
|
|a urn:nbn:sk:snk-ab7zxo
|
| 040 |
|
|
|a SNKBUCL
|b slo
|c SNKBUCL
|e AACR2
|
| 041 |
0 |
|
|a eng
|
| 044 |
|
|
|a xo
|c SK
|
| 080 |
|
|
|a 622.79:622.772:579.6
|2 1981
|
| 080 |
|
|
|a 622.772
|2 1981
|
| 080 |
|
|
|a 579.6
|2 1981
|
| 080 |
|
|
|a 504.06
|2 1981
|
| 080 |
|
|
|a 669.061
|2 1981
|
| 245 |
0 |
0 |
|a Microbial leaching viewed from the aspect of environmental protection
|c F. Barbić, I. Savić, M. Grbavčić, M. Babić, L. Čomić
|
| 300 |
|
|
|b Tab. 4, res. angl., slov., lit. 4 zázn.
|
| 650 |
0 |
7 |
|a kovy
|2 snkbucl
|9 16608
|
| 650 |
0 |
7 |
|a lúhovanie mikrobiálne
|2 snkbucl
|9 1384057
|
| 650 |
0 |
7 |
|a životné prostredie
|2 snkbucl
|9 786
|
| 655 |
|
7 |
|a články z novín a časopisov
|2 snkbucl
|9 267496
|
| 700 |
1 |
|
|a Barbić, F.
|4 aut
|9 1546395
|
| 700 |
1 |
|
|a Savić, I.
|4 aut
|9 1562021
|
| 700 |
1 |
|
|a Grbavčić, M.
|4 aut
|9 1546396
|
| 700 |
1 |
|
|a Babić, M.
|4 aut
|9 984250
|
| 700 |
1 |
|
|a Čomić, L.
|4 aut
|9 1562022
|
| 773 |
0 |
|
|t Mineralia slovaca
|g Roč. 28, č. 5 (1996), s. 371-374
|x 0369-2086
|
| 850 |
|
|
|a Slovenská národná knižnica
|
| 852 |
|
|
|a Slovenská národná knižnica
|
| 958 |
|
|
|a article9
|
| 958 |
|
|
|a ME
|
| 958 |
|
|
|a RK
|
| 958 |
|
|
|a OND
|
| 958 |
|
|
|a EUIPO
|
| 992 |
|
|
|a RBX
|
| 999 |
|
|
|c 3179556
|d 3181486
|